000 00289nam a22001337a 4500
008 170616b xxu||||| |||| 00| 0 eng d
020 _a9780979010736
041 _aeng
080 _24TH
_a32
100 _a20
101 _aSHP
245 _aEVERY VOTE EQUAL
_cKOZA,J.R
942 _2udc
_cBK
999 _c17826
_d17826